Lineamientos de manejo ecosistemico post-aprovechamiento minero en ambientes naturales del Chocó, Colombia: (Registro nro. 20134)

Detalles MARC
000 -CABECERA
Campo de control 00833nam a22002177a 4500
005 - FECHA Y HORA DE LA ULTIMA TRANSACCION
Campo de control 20180323111059.0
008 - ELEMENTOS DE LONGITUD FIJA—INFORMACION GENERAL
Campo de control 180323b ck ||||| |||| 00| 0 spa d
020 ## - ISBN
ISBN 9789589839606
040 ## - FUENTE DE CATALOGACIÓN
Agencia catalogadora original CO-BoIAVH
Agencia transcriptora CO-BoIAVH
041 ## - IDIOMA
Código de idioma para texto/pista de sonido o título separado Español
044 ## - PAÍS DE PUBLICACIÓN
País de publicación Colombia
090 ## - CLASIFICACIÓN LOCAL
Colección FG-
Consecutivo 0275
245 00 - MENCION DE TITULO
Título Lineamientos de manejo ecosistemico post-aprovechamiento minero en ambientes naturales del Chocó, Colombia:
Parte restante del título protocolo
260 ## - PUBLICACION, DISTRIBUCION, ETC. (PIE DE IMPRENTA)
Lugar de publicación, distribución, etc. Quibdó:
Nombre del editor, distribuidor, etc. IIAP:
-- Universidad Tecnológica del Chocó Diego Luis Córdoba,
Fecha de publicación, distribución, etc. 2016.
300 ## - DESCRIPCION FISICA
Extensión 32 páginas,
Otros detalles físicos fotografías a color
700 0# - ASIENTO SECUNDARIO - NOMBRE PERSONAL
Nombre personal Klinger Brahan, William
Término de relación editor
9 (RLIN) 90748
700 0# - ASIENTO SECUNDARIO - NOMBRE PERSONAL
Nombre personal Ramírez Moreno, Giovanny
Término de relación editor
9 (RLIN) 83369
700 0# - ASIENTO SECUNDARIO - NOMBRE PERSONAL
Nombre personal Valois-cuesta, Hamlet
Término de relación editor
9 (RLIN) 90749
856 ## - LOCALIZACION Y ACCESO ELECTRONICOS
Identificador Uniforme del Recurso http://iiap.org.co/documents/6f833a81c4286cffabb90683bac93148.pdf
942 ## - ELEMENTOS ADICIONALES (KOHA)
Sistema de clasificación Local
Tipo de ítem Folleto
Existencias
Withdrawn status Lost status Sistema de Clasificación Damaged status No para préstamo Colección Ubicación Permanente Ubicación actual Fecha de adquisición Total Checkouts Número topográfico Inventario / Código de Barras Date last seen Ejemplar Price effective from Forma de adquisición Tipo de material
    Local     Hemeroteca Bogotá Bogotá 23/03/2018   FG-0275 043537 23/03/2018 Ej. 1 23/03/2018 Canje Folleto
    Local     Hemeroteca Bogotá Bogotá 23/03/2018   FG-0275 043538 23/03/2018 Ej. 2 23/03/2018 Canje Folleto